Largest Country in Every Continent in Order - Statistics

General Stats
  • This quiz has been taken 231 times
    73 since last reset
  • The average score is 5 of 6
Answer Stats
Continent Answer Population % Correct
North America United States of America 345,427,000
98%
Asia India 1,450,940,000
97%
South America Brazil 211,999,000
78%
Africa Nigeria 232,679,000
73%
Oceania Australia 26,713,200
67%
Europe Russia 144,820,000
65%
No matching quizzes found
Score Distribution
Percent of People with Each Score
Percentile by Number Answered
Your Score History
You have not taken this quiz since the last reset